| 000 | 00688nam a2200253 a 4500 | ||
|---|---|---|---|
| 001 | nice12345678 | ||
| 003 | IN_TiNIC | ||
| 005 | 20260116012100.0 | ||
| 008 | 050524s1945 luca grp 000 0 eng | ||
| 020 |
_a _c100 |
||
| 082 | 0 | 0 |
_a305.6945097 _bAGA |
| 100 | _aAgarwala, Ratish Mohan | ||
| 245 | _aScience of Hindu-Muslim Politics | ||
| 260 |
_aLucknow _bInternational Social Lit.Pub.Co _c1945 |
||
| 300 | _a88p | ||
| 500 | _aincludes index and biblioraphy | ||
| 505 | 2 | _aQuestion and Assignments | |
| 650 | _aIslam-Relations Hinduism | ||
| 650 | _aInterfaith Dialogue-Hindu Muslim | ||
| 700 | 1 | _aAgarwala, Ratish Mohan | |
| 902 | _bSRS | ||
| 942 | _cBK | ||
| 999 |
_c5565 _d5565 |
||